[Event "Sunnyvale Summer op"]
[Site "Sunnyvale"]
[Date "2023.07.02"]
[Round "4"]
[White "Caballero Quijano, Mitzy Mishell"]
[Black "Maheshwari, Vedant"]
[Result "1/2-1/2"]
[WhiteElo "2041"]
[BlackElo "1781"]
[PlyCount "60"]
[EventDate "2023.07.01"]
[EventType "swiss"]
[EventRounds "7"]
[EventCountry "USA"]
[SourceTitle "EXT 2024"]
[Source "ChessBase"]
[SourceDate "2023.10.10"]
[SourceVersion "1"]
[SourceVersionDate "2023.10.10"]
[SourceQuality "1"]

1. d4 d5 2. Nf3 Nf6 3. c4 c6 4. Qc2 dxc4 5. Qxc4 Bf5 6. Nc3 Nbd7 7. e3 e6 8. Be2 h6 9. 0-0 Be7 10. Ne5 0-0 11. f4 Bh7 12. Bf3 Rc8 13. Rd1 Qc7 14. Qe2 Rfd8 15. Bd2 c5 16. Rac1 Qb8 17. Be1 cxd4 18. exd4 Nb6 19. g4 Nfd5 20. Bg3 Nxc3 21. Rxc3 Rxc3 22. bxc3 Bd6 23. c4 Bxe5 24. fxe5 Qc8 25. c5 Nd5 26. Qb2 Rd7 27. Rc1 Bg6 28. h4 Bd3 29. Qa3 Ba6 30. Bd1 Ne7 1/2-1/2